Podział administracyjny Chińskiej Republiki Ludowej - Statystyki

Ogólne statystyki
  • Ten quiz został rozwiązany 2 razy
  • Średni wynik to 7 z 33
Statystyki odpowiedzi
Obrazkowy Odpowiedź % Poprawnych
Hong Kong
100%
Makau
100%
Mongolia Wewnętrzna
100%
Tybet
100%
Chongqing
50%
Hebei
50%
Pekin
50%
Syczuan
50%
Szanghaj
50%
Anhui
0%
Fujian
0%
Gansu
0%
Guangdong
0%
Hajnan
0%
Heilongjiang
0%
Henan
0%
Hubei
0%
Hunan
0%
Jiangsu
0%
Jiangxi
0%
Jilin
0%
Junnan
0%
Kuangsi
0%
Kuejczou
0%
Liaoning
0%
Ningxia
0%
Qinghai
0%
Shaanxi
0%
Shanxi
0%
Sinciang
0%
Szantung
0%
Tiencin
0%
Zhejiang
0%
Nie znaleziono quizów pasujących do podanych kryteriów
Rozkład punktacji
Procent ludzi z każdym wynikiem
Percentyl według liczby udzielonych odpowiedzi
Twoja historia wyników
Nie rozwiązałeś tego quizu